Statystyki dla Skład Liverpoolu w finale LM vs Tottenham(2-0)

Kliknij tutaj aby rozwiązać quiz!

Ogólne statystyki

  • Ten quiz został rozwiązany 420 razy
  • Średni wynik to 10 z 11

Statystyki odpowiedzi

pozycjapiłkarz% Poprawnych
napastnikSalah
99%
bramkarzAlisson
98%
napastnikMane
97%
napastnikFirmino
96%
obrońcaVan Dijk
96%
obrońcaRobertson
93%
pomocnikHenderson
91%
obrońcaMatip
87%
obrońcaAlexander-Arnold
81%
pomocnikFabinho
76%
pomocnikWijnaldum
68%

Rozkład punktacji

Percentyl według liczby udzielonych odpowiedzi

Procent ludzi z każdym wynikiem

Twoja historia wyników

Nie rozwiązałeś tego quizu